| 000 | 00867cam a2200265 a 4500 | ||
|---|---|---|---|
| 001 | 000018150 | ||
| 005 | 20200929165357.0 | ||
| 008 | 750220s1974 xxc 000 0 eng d | ||
| 020 | _a0889220565 | ||
| 040 |
_aDO-SdBNP _beng _cLC _dBNHPU |
||
| 082 |
_a812.54 _bB859f |
||
| 245 | 0 | 4 |
_aThe Factory lab anthology / _cedición Connie Brissenden ; introducción Ken Gass. |
| 260 |
_aVancouver : _bTalonbooks, _c1974. |
||
| 300 |
_a316 p. ; _c26 cm. |
||
| 650 | 4 |
_aTeatro canadiense _ySIGLO XX _939321 |
|
| 650 | 4 |
_aLitersatura canadiense _ySIGLO XX _939322 |
|
| 700 | 1 |
_aBrissenden, Connie, _eed. _939323 |
|
| 700 | 1 |
_aGass, Ken, _eintrod. _939324 |
|
| 700 | 1 |
_aGreenland, Bill. _939325 |
|
| 700 | 1 |
_aWalker, George F. _939326 |
|
| 700 | 1 |
_aKardish, Larry. _939327 |
|
| 700 | 1 |
_aHollingsworth, Michael. _939328 |
|
| 910 | _aCatalogación por copia / LC | ||
| 049 | _aBNGR | ||
| 999 |
_c17671 _d17671 |
||